000 00579nam a2200229Ia 4500
001 687
005 20240113233425.0
007 ta
008 050122s1952 a g b000 u eng u
020 _cHB
040 _aRef.Stack
041 _aeng
082 _a943.086
_bT 729 L
100 _aTrevor-Roper, H.R. .
245 0 _aThe Last Days of Hitler /
_cH.R.Trevor-Roper.
_hTextual Documents
260 _aNew York :
_bMacmillan and co ,
_c1952.
300 _a283p. :
_bill ;
_c18cm. .
653 _aHistory-Hitler
942 _2ddc
_cBK
999 _c685
_d685